stolice europy - Statystyki

Ogólne statystyki
  • Ten quiz został rozwiązany 286 razy
  • Średni wynik to 5 z 5
Statystyki odpowiedzi
Zagadnienie Odpowiedź % Poprawnych
Stolica Rosji? Moskwa
99%
Stolica Danii? Kopenhaga
97%
stolica islandii? Reykjavik
96%
Stolica Łotwy? Ryga
89%
Stolica Liechtenstein? varduz
86%
Nie znaleziono quizów pasujących do podanych kryteriów
Rozkład punktacji
Procent ludzi z każdym wynikiem
Percentyl według liczby udzielonych odpowiedzi
Twoja historia wyników
Nie rozwiązałeś tego quizu